Endhaltestellen Oberhausens - Statistiken

Allgemein
  • Dieses Quiz wurde 20 mal gespielt
  • Das Durchschnittsergebnis liegt bei 51 aus 102
Antwortstatistiken
Linie Endhaltestelle % Korrekt
143 | NE1 | NE3 | +3 others Fröbelplatz
93%
SB92 | SB98 Falkestraße
79%
919 | NE11 | NE21 | +2 others Oberhausen Hbf
79%
263 | 908 | 935 | +13 others Sterkrade Bf
79%
979 | NE21 Bottrop ZOB
57%
960 | NE2 Dümpten
57%
907 | 918 | 960 Holten Bf
57%
185 Neue Mitte
57%
SB91 Bero-Zentrum
50%
112 | 966 Neumarkt
50%
NE6 Ruhrpark
50%
125 | 953 | 956 | 961 Wehrstraße
50%
136 | 935 | 936 | +4 others Anne-Frank RS
43%
143 | 185 Essen-Borbeck Bf
43%
263 Essen-Boyer Straße
43%
105 | SB94 Essen-Unterstraße
43%
955 | NE2 | NE4 | NE7 Heinrich-Böll-GS
43%
SB90 Holten Markt
43%
976 MH-Heifeskamp
43%
SB93 Taunusstraße
43%
SB94 Breilstraße
36%
130 City Forum
36%
X42 Dorsten ZOB
36%
NE11 Essen-Hbf
36%
952 Everslohstraße
36%
954 | NE1 Hirschkamp
36%
962 Kleekamp
36%
976 Lebenshilfe Königshardt
36%
SB90 MH-Friesenstraße
36%
112 MH-Hauptfriedhof
36%
130 MH-Rhein-Ruhr-Zentrum
36%
957 Tulpenstraße
36%
939 DU-Hbf Osteingang
29%
905 | 906 | 995 DU-Marxloh Pollmann
29%
919 DU-Scholtenhofstraße
29%
936 | 939 DU-St. Johannes Klinik
29%
SB91 GE-Buer Rathaus
29%
956 Goerdelerstraße
29%
957 Graßhofstraße
29%
967 Im Lekkerland
29%
136 MH-Heißen Kirche
29%
953 | 961 Spechtstraße
29%
907 DU-Godesberger Straße
21%
908 DU-Matenastraße
21%
105 Essen-Finefraustraße
21%
NE12 MH-Stadtmitte
21%
26 Dinslaken Kfm. Schulen
14%
NE10 MH-Kiefernweg
14%
125 MH-Ruhrorterstraße
14%
26 Dinslaken Am Landwehrgraben
7%
918 Voerde-Rathausplatz
7%
Keine übereinstimmenden Quizze gefunden
Verteilung der Resultate
Anzahl Personen mit jedem Resultat
Perzentil nach korrekt beantworteten Fragen
Ihre Resultats-Entwicklung
Sie haben dieses Quiz noch nicht gespielt